000 00921cam a2200181 4500
001 WB3943-09
008 031112n2003 000 0 eng u
035 _a(Sirsi) u124296
245 _aNAEA Market Trends Survey
260 _c2003
490 _aEstate Agency News
_v(195) November 2003 2(2)
520 _aThe NAEA has released its September market figures. There was a rise of 3.5% in the number of sales agreed in the month, with the number of new buyers on estate agents' books increase by 10%. The number of exchanges are at their highest since November 2002 with vendors typically achieving 96% of their asking price which is a slight increase from 95.6% in the previous month. The full press release can be viewed at http://www.naea.co.uk.
590 _aWB
650 _aHOUSING MARKET SURVEYS
650 _aHOUSE PRICES
690 _aPROPERTY-RESIDENTIAL PROPERTY-RESIDENTIAL PROPERTY MARKET
942 _n0
999 _c73776
_d73776